[Event "DEM U14w 2025"]
[Site "Willingen GER"]
[Date "2025.06.08"]
[Round "2"]
[White "Färber, Anna"]
[Black "Albrecht, Sidney Jenna"]
[Result "1-0"]
[Termination "normal"]
[Board "6"]
[WhiteElo "1702"]
[BlackElo "1504"]
[WhiteClock "00:23:58"]
[BlackClock "00:28:17"]
[PlyCount "111"]
[WhiteFideId "34633480"]
[BlackFideId "34660283"]
[EventCountry "GER"]
[EventRounds "9"]
[EventType "swiss"]
[EventDate "2025.06.07"]

1. e4 {[%clk 01:30:56]} {[%emt 00:00:03]} c5 {[%clk 01:30:55]} {[%emt
00:00:06]} 2. c3 {[%clk 01:31:21]} {[%emt 00:00:05]} Nf6 {[%clk 01:31:18]}
{[%emt 00:00:07]} 3. e5 {[%clk 01:31:44]} {[%emt 00:00:06]} Nd5 {[%clk
01:31:42]} {[%emt 00:00:07]} 4. Nf3 {[%clk 01:32:08]} {[%emt 00:00:06]} Nc6
{[%clk 01:31:57]} {[%emt 00:00:15]} 5. Bc4 {[%clk 01:32:26]} {[%emt 00:00:12]}
Nb6 {[%clk 01:32:16]} {[%emt 00:00:11]} 6. Bb3 {[%clk 01:32:50]} {[%emt
00:00:06]} d6 {[%clk 01:32:14]} {[%emt 00:00:32]} 7. exd6 {[%clk 01:30:12]}
{[%emt 00:03:09]} Qxd6 {[%clk 01:32:29]} {[%emt 00:00:15]} 8. O-O {[%clk
01:29:52]} {[%emt 00:00:49]} g6 {[%clk 01:31:06]} {[%emt 00:01:53]} 9. Na3
{[%clk 01:17:40]} {[%emt 00:12:43]} Bg7 {[%clk 01:25:16]} {[%emt 00:06:19]} 10.
Ng5 {[%clk 01:06:44]} {[%emt 00:11:25]} O-O {[%clk 01:21:16]} {[%emt 00:04:31]}
11. Ne4 {[%clk 01:05:44]} {[%emt 00:01:30]} Qe5 {[%clk 01:13:57]} {[%emt
00:07:49]} 12. Re1 {[%clk 01:04:54]} {[%emt 00:01:19]} Bd7 {[%clk 01:08:47]}
{[%emt 00:05:41]} 13. d3 {[%clk 01:01:48]} {[%emt 00:03:36]} Rad8 {[%clk
01:03:53]} {[%emt 00:05:24]} 14. Be3 {[%clk 00:54:49]} {[%emt 00:07:29]} Na5
{[%clk 00:55:52]} {[%emt 00:08:31]} 15. Nxc5 {[%clk 00:49:55]} {[%emt
00:05:24]} Nxb3 {[%clk 00:54:33]} {[%emt 00:01:49]} 16. Nxd7 {[%clk 00:45:38]}
{[%emt 00:04:47]} Nxd7 {[%clk 00:53:27]} {[%emt 00:01:37]} 17. Qxb3 {[%clk
00:44:57]} {[%emt 00:01:09]} Nc5 {[%clk 00:50:38]} {[%emt 00:03:20]} 18. Bxc5
{[%clk 00:44:17]} {[%emt 00:01:10]} Qxc5 {[%clk 00:50:52]} {[%emt 00:00:16]}
19. d4 {[%clk 00:44:16]} {[%emt 00:00:31]} Qc7 {[%clk 00:48:53]} {[%emt
00:02:29]} 20. Nb5 {[%clk 00:42:59]} {[%emt 00:01:46]} Qd7 {[%clk 00:45:07]}
{[%emt 00:04:16]} 21. Nxa7 {[%clk 00:40:41]} {[%emt 00:02:48]} e6 {[%clk
00:43:28]} {[%emt 00:02:10]} 22. Nb5 {[%clk 00:39:40]} {[%emt 00:01:31]} Rc8
{[%clk 00:39:27]} {[%emt 00:04:30]} 23. a4 {[%clk 00:36:48]} {[%emt 00:03:23]}
Rfd8 {[%clk 00:37:21]} {[%emt 00:02:36]} 24. Rad1 {[%clk 00:36:10]} {[%emt
00:01:07]} b6 {[%clk 00:34:39]} {[%emt 00:03:13]} 25. c4 {[%clk 00:31:22]}
{[%emt 00:05:18]} Qb7 {[%clk 00:32:07]} {[%emt 00:03:02]} 26. Qb4 {[%clk
00:26:54]} {[%emt 00:04:57]} Bf8 {[%clk 00:30:22]} {[%emt 00:02:15]} 27. Qc3
{[%clk 00:26:25]} {[%emt 00:00:59]} Bg7 {[%clk 00:29:26]} {[%emt 00:01:27]} 28.
b3 {[%clk 00:25:06]} {[%emt 00:01:48]} Rd7 {[%clk 00:26:35]} {[%emt 00:03:22]}
29. Qe3 {[%clk 00:20:00]} {[%emt 00:05:36]} Rcd8 {[%clk 00:25:03]} {[%emt
00:02:03]} 30. Rd3 {[%clk 00:19:19]} {[%emt 00:01:10]} Qc6 {[%clk 00:21:10]}
{[%emt 00:04:22]} 31. Red1 {[%clk 00:19:06]} {[%emt 00:00:42]} h5 {[%clk
00:18:33]} {[%emt 00:03:09]} 32. Qd2 {[%clk 00:17:55]} {[%emt 00:01:40]} Qb7
{[%clk 00:15:30]} {[%emt 00:03:34]} 33. Qb4 {[%clk 00:14:33]} {[%emt 00:03:50]}
Bf8 {[%clk 00:15:04]} {[%emt 00:00:57]} 34. Qc3 {[%clk 00:14:34]} {[%emt
00:00:30]} Bg7 {[%clk 00:14:44]} {[%emt 00:00:49]} 35. Qd2 {[%clk 00:10:38]}
{[%emt 00:04:26]} Kh7 {[%clk 00:13:55]} {[%emt 00:01:19]} 36. h3 {[%clk
00:10:19]} {[%emt 00:00:49]} Bh6 {[%clk 00:12:24]} {[%emt 00:02:01]} 37. Qc2
{[%clk 00:10:36]} {[%emt 00:00:12]} Qe4 {[%clk 00:10:54]} {[%emt 00:02:01]} 38.
Rc3 {[%clk 00:08:43]} {[%emt 00:02:23]} Qxc2 {[%clk 00:10:42]} {[%emt
00:00:43]} 39. Rxc2 {[%clk 00:09:06]} {[%emt 00:00:07]} e5 {[%clk 00:09:32]}
{[%emt 00:01:40]} 40. d5 {[%clk 00:09:23]} {[%emt 00:00:13]} e4 {[%clk
00:08:49]} {[%emt 00:01:12]} 41. Re2 {[%clk 00:07:57]} {[%emt 00:01:56]} Re8
{[%clk 00:07:53]} {[%emt 00:01:26]} 42. Rde1 {[%clk 00:07:29]} {[%emt
00:00:58]} f5 {[%clk 00:07:28]} {[%emt 00:00:55]} 43. f3 {[%clk 00:05:04]}
{[%emt 00:02:54]} e3 {[%clk 00:07:14]} {[%emt 00:00:45]} 44. g3 {[%clk
00:04:19]} {[%emt 00:01:15]} f4 {[%clk 00:07:04]} {[%emt 00:00:40]} 45. gxf4
{[%clk 00:03:15]} {[%emt 00:01:35]} Bxf4 {[%clk 00:07:26]} {[%emt 00:00:08]}
46. Kg2 {[%clk 00:03:40]} {[%emt 00:00:04]} h4 {[%clk 00:06:38]} {[%emt
00:01:17]} 47. Nd4 {[%clk 00:29:59]} {[%emt 00:04:12]} Re5 {[%clk 00:33:11]}
{[%emt 00:03:57]} 48. Ne6 {[%clk 00:29:13]} {[%emt 00:01:15]} Bh6 {[%clk
00:30:49]} {[%emt 00:02:53]} 49. f4 {[%clk 00:26:43]} {[%emt 00:02:59]} Re4
{[%clk 00:29:40]} {[%emt 00:01:41]} 50. Rxe3 {[%clk 00:26:34]} {[%emt
00:00:39]} Rxe3 {[%clk 00:29:27]} {[%emt 00:00:42]} 51. Rxe3 {[%clk 00:26:58]}
{[%emt 00:00:06]} Rf7 {[%clk 00:28:59]} {[%emt 00:00:58]} 52. Ng5+ {[%clk
00:24:33]} {[%emt 00:02:54]} Bxg5 {[%clk 00:29:17]} {[%emt 00:00:14]} 53. fxg5
{[%clk 00:25:01]} {[%emt 00:00:02]} Rd7 {[%clk 00:29:11]} {[%emt 00:00:35]} 54.
Re6 {[%clk 00:24:47]} {[%emt 00:00:44]} Rb7 {[%clk 00:28:55]} {[%emt 00:00:47]}
55. d6 {[%clk 00:24:17]} {[%emt 00:00:59]} Kg7 {[%clk 00:28:17]} {[%emt
00:01:08]} 56. Kf3 {[%clk 00:23:58]} {[%emt 00:00:48]} 1-0

[Event "DEM U14w 2025"]
[Site "Willingen GER"]
[Date "2025.06.08"]
[Round "2"]
[White "Margaryan, Mane"]
[Black "Rafikova, Ailin"]
[Result "0-1"]
[Termination "normal"]
[Board "7"]
[WhiteElo "1519"]
[BlackElo "1773"]
[WhiteClock "00:01:14"]
[BlackClock "00:30:35"]
[PlyCount "88"]
[WhiteFideId "16268237"]
[BlackFideId "34612173"]
[EventCountry "GER"]
[EventRounds "9"]
[EventType "swiss"]
[EventDate "2025.06.07"]

1. d4 {[%clk 01:30:58]} d5 {[%clk 01:30:54]} {[%emt 00:00:06]} 2. c4 {[%clk
01:31:24]} {[%emt 00:00:05]} c6 {[%clk 01:31:18]} {[%emt 00:00:06]} 3. Nc3
{[%clk 01:31:49]} {[%emt 00:00:05]} Nf6 {[%clk 01:31:34]} {[%emt 00:00:13]} 4.
Bg5 {[%clk 01:30:40]} {[%emt 00:01:40]} e6 {[%clk 01:31:36]} {[%emt 00:00:28]}
5. Nf3 {[%clk 01:30:27]} {[%emt 00:00:43]} Be7 {[%clk 01:29:59]} {[%emt
00:02:07]} 6. e3 {[%clk 01:30:28]} {[%emt 00:00:29]} Nbd7 {[%clk 01:29:56]}
{[%emt 00:00:33]} 7. cxd5 {[%clk 01:30:10]} {[%emt 00:00:48]} cxd5 {[%clk
01:29:41]} {[%emt 00:00:46]} 8. Bd3 {[%clk 01:29:13]} {[%emt 00:01:26]} Nf8
{[%clk 01:28:07]} {[%emt 00:02:03]} 9. Ne5 {[%clk 01:25:05]} {[%emt 00:04:38]}
Ng6 {[%clk 01:22:29]} {[%emt 00:06:08]} 10. Bxf6 {[%clk 01:18:30]} {[%emt
00:07:06]} gxf6 {[%clk 01:17:57]} {[%emt 00:05:02]} 11. Qa4+ {[%emt 00:04:21]}
Kf8 {[%clk 01:17:45]} {[%emt 00:00:39]} 12. Nf3 {[%clk 01:13:05]} {[%emt
00:02:06]} Bd7 {[%clk 01:15:09]} {[%emt 00:03:06]} 13. Qb3 {[%clk 01:12:01]}
{[%emt 00:01:35]} Bc6 {[%clk 01:14:44]} {[%emt 00:00:55]} 14. h4 {[%clk
01:11:06]} {[%emt 00:01:25]} h5 {[%clk 01:12:06]} {[%emt 00:03:08]} 15. O-O-O
{[%clk 01:06:56]} {[%emt 00:04:40]} Rc8 {[%clk 01:09:32]} {[%emt 00:03:04]} 16.
Qc2 {[%clk 00:53:22]} {[%emt 00:14:04]} f5 {[%clk 01:07:38]} {[%emt 00:02:24]}
17. g3 {[%clk 00:35:33]} {[%emt 00:18:19]} Kg7 {[%clk 01:04:18]} {[%emt
00:03:50]} 18. Kd2 {[%clk 00:31:17]} {[%emt 00:04:45]} Qa5 {[%emt 00:06:59]}
19. Ke2 {[%clk 00:26:10]} {[%emt 00:05:36]} a6 {[%clk 00:56:34]} {[%emt
00:01:47]} 20. a3 {[%clk 00:24:44]} {[%emt 00:01:56]} Bb5 {[%clk 00:54:16]}
{[%emt 00:02:46]} 21. Rc1 {[%clk 00:22:27]} {[%emt 00:02:48]} Bxd3+ {[%clk
00:53:44]} {[%emt 00:01:02]} 22. Qxd3 {[%clk 00:21:43]} {[%emt 00:01:14]} Rc7
{[%clk 00:50:58]} {[%emt 00:03:16]} 23. Na2 {[%clk 00:14:49]} {[%emt 00:07:25]}
Rhc8 {[%clk 00:48:03]} {[%emt 00:03:24]} 24. Rxc7 {[%clk 00:12:13]} {[%emt
00:03:06]} Rxc7 {[%clk 00:47:55]} {[%emt 00:00:37]} 25. Rc1 {[%clk 00:11:03]}
{[%emt 00:01:40]} Bd6 {[%clk 00:45:06]} {[%emt 00:03:20]} 26. Rxc7 {[%clk
00:08:29]} {[%emt 00:03:04]} Bxc7 {[%clk 00:43:52]} {[%emt 00:01:45]} 27. b4
{[%clk 00:05:42]} {[%emt 00:03:16]} Qa4 {[%clk 00:39:32]} {[%emt 00:04:49]} 28.
Kf1 {[%clk 00:02:14]} {[%emt 00:03:59]} Nf8 {[%clk 00:35:43]} {[%emt 00:04:19]}
29. Qc3 {[%clk 00:01:00]} {[%emt 00:01:44]} Bd6 {[%clk 00:35:19]} {[%emt
00:00:54]} 30. Qc8 {[%clk 00:00:37]} {[%emt 00:00:53]} Qxa3 {[%clk 00:34:22]}
{[%emt 00:01:28]} 31. Qxb7 {[%clk 00:00:33]} {[%emt 00:00:34]} Qxa2 {[%clk
00:32:17]} {[%emt 00:02:34]} 32. Ng5 {[%clk 00:00:37]} {[%emt 00:00:26]} Qc4+
{[%clk 00:32:17]} {[%emt 00:00:30]} 33. Kg2 {[%clk 00:00:38]} {[%emt 00:00:29]}
Qc7 {[%clk 00:32:32]} {[%emt 00:00:15]} 34. Qxc7 {[%clk 00:00:42]} {[%emt
00:00:26]} Bxc7 {[%clk 00:32:56]} {[%emt 00:00:06]} 35. Kf1 {[%clk 00:01:02]}
{[%emt 00:00:10]} Bd6 {[%clk 00:32:44]} {[%emt 00:00:42]} 36. Nf3 {[%clk
00:00:43]} {[%emt 00:00:48]} Nd7 {[%clk 00:32:30]} {[%emt 00:00:44]} 37. Ke2
{[%clk 00:00:44]} {[%emt 00:00:29]} Bxb4 {[%clk 00:31:34]} {[%emt 00:01:27]}
38. Kd1 {[%clk 00:00:39]} {[%emt 00:00:35]} Nf6 {[%clk 00:30:27]} {[%emt
00:01:37]} 39. Ke2 {[%clk 00:00:34]} {[%emt 00:00:35]} Ng4 {[%clk 00:30:09]}
{[%emt 00:00:48]} 40. Kf1 {[%clk 00:00:33]} {[%emt 00:00:31]} a5 {[%clk
00:30:22]} {[%emt 00:00:17]} 41. Ne1 {[%clk 00:00:37]} {[%emt 00:00:26]} Bxe1
{[%clk 00:30:19]} {[%emt 00:00:33]} 42. Kxe1 {[%clk 00:01:00]} {[%emt
00:00:07]} a4 {[%clk 00:30:23]} {[%emt 00:00:26]} 43. Kd2 {[%clk 00:00:54]}
{[%emt 00:00:36]} Nxf2 {[%clk 00:30:33]} {[%emt 00:00:20]} 44. Kc2 {[%clk
00:01:14]} {[%emt 00:00:09]} Ne4 {[%clk 00:30:35]} {[%emt 00:00:28]} 0-1

[Event "DEM U14w 2025"]
[Site "Willingen GER"]
[Date "2025.06.08"]
[Round "2"]
[White "Baklan, Kira"]
[Black "Mehner, Clara"]
[Result "1/2-1/2"]
[Termination "normal"]
[Board "8"]
[WhiteElo "1548"]
[BlackElo "1643"]
[WhiteClock "01:16:30"]
[BlackClock "00:16:17"]
[PlyCount "103"]
[WhiteFideId "34186514"]
[BlackFideId "34612165"]
[EventCountry "GER"]
[EventRounds "9"]
[EventType "swiss"]
[EventDate "2025.06.07"]

1. e4 {[%clk 01:30:57]} {[%emt 00:00:03]} e6 {[%clk 01:30:55]} {[%emt
00:00:05]} 2. d4 {[%clk 01:31:23]} {[%emt 00:00:04]} d5 {[%clk 01:31:21]}
{[%emt 00:00:04]} 3. exd5 {[%clk 01:31:44]} {[%emt 00:00:09]} exd5 {[%clk
01:31:43]} {[%emt 00:00:08]} 4. Nf3 {[%clk 01:32:07]} {[%emt 00:00:07]} Bd6
{[%clk 01:31:46]} {[%emt 00:00:27]} 5. c4 {[%clk 01:32:21]} {[%emt 00:00:16]}
c6 {[%clk 01:30:53]} {[%emt 00:01:24]} 6. Nc3 {[%clk 01:32:23]} {[%emt
00:00:27]} Ne7 {[%clk 01:27:05]} {[%emt 00:04:17]} 7. Bd3 {[%clk 01:32:32]}
{[%emt 00:00:21]} dxc4 {[%clk 01:21:27]} {[%emt 00:06:09]} 8. Bxc4 {[%clk
01:32:53]} {[%emt 00:00:09]} Bf5 {[%clk 01:20:20]} {[%emt 00:01:36]} 9. Ng5
{[%clk 01:32:55]} {[%emt 00:00:28]} Bg6 {[%clk 01:10:41]} {[%emt 00:10:10]} 10.
Qb3 {[%clk 01:31:44]} {[%emt 00:01:41]} O-O {[%clk 00:55:12]} {[%emt 00:15:59]}
11. Qxb7 {[%clk 01:29:41]} {[%emt 00:02:33]} Nd7 {[%clk 00:50:07]} {[%emt
00:05:35]} 12. Qb3 {[%clk 01:28:44]} {[%emt 00:01:27]} Rb8 {[%clk 00:46:45]}
{[%emt 00:03:52]} 13. Qd1 {[%clk 01:28:56]} {[%emt 00:00:18]} h6 {[%clk
00:44:04]} {[%emt 00:03:11]} 14. Nf3 {[%clk 01:28:49]} {[%emt 00:00:37]} Re8
{[%clk 00:42:44]} {[%emt 00:01:50]} 15. O-O {[%clk 01:28:13]} {[%emt 00:01:05]}
Bc7 {[%clk 00:36:38]} {[%emt 00:06:36]} 16. Nh4 {[%clk 01:23:39]} {[%emt
00:05:04]} Nf6 {[%clk 00:29:54]} {[%emt 00:07:15]} 17. Re1 {[%clk 01:12:58]}
{[%emt 00:11:11]} Bh7 {[%clk 00:18:54]} {[%emt 00:11:29]} 18. b3 {[%clk
01:10:25]} {[%emt 00:03:03]} Qd6 {[%clk 00:15:34]} {[%emt 00:03:49]} 19. Nf3
{[%clk 01:09:06]} {[%emt 00:01:49]} Rbd8 {[%clk 00:14:06]} {[%emt 00:01:59]}
20. Bb2 {[%clk 01:07:04]} {[%emt 00:02:33]} Nf5 {[%clk 00:09:38]} {[%emt
00:04:57]} 21. Rxe8+ {[%clk 01:05:33]} {[%emt 00:02:00]} Rxe8 {[%clk 00:09:46]}
{[%emt 00:00:22]} 22. d5 {[%clk 01:02:57]} {[%emt 00:03:07]} cxd5 {[%clk
00:06:17]} {[%emt 00:03:59]} 23. Nb5 {[%clk 01:01:00]} {[%emt 00:02:28]} Qb6
{[%clk 00:05:32]} {[%emt 00:01:14]} 24. Nxc7 {[%clk 00:59:28]} {[%emt
00:02:02]} Qxc7 {[%clk 00:05:52]} {[%emt 00:00:10]} 25. Bxd5 {[%clk 00:59:19]}
{[%emt 00:00:39]} Nxd5 {[%clk 00:04:12]} {[%emt 00:02:10]} 26. Qxd5 {[%clk
00:59:25]} {[%emt 00:00:24]} Qc2 {[%clk 00:02:34]} {[%emt 00:02:07]} 27. Qd2
{[%clk 00:58:45]} {[%emt 00:01:10]} Qxd2 {[%clk 00:01:26]} {[%emt 00:01:40]}
28. Nxd2 {[%clk 00:59:06]} {[%emt 00:00:08]} Nd6 {[%clk 00:01:25]} {[%emt
00:00:31]} 29. Nc4 {[%clk 00:59:10]} {[%emt 00:00:27]} Nxc4 {[%clk 00:01:26]}
{[%emt 00:00:29]} 30. bxc4 {[%clk 00:59:34]} {[%emt 00:00:05]} Rc8 {[%clk
00:01:47]} {[%emt 00:00:09]} 31. Rc1 {[%clk 00:59:51]} {[%emt 00:00:12]} Bd3
{[%clk 00:02:08]} {[%emt 00:00:09]} 32. c5 {[%clk 01:00:09]} {[%emt 00:00:12]}
Bb5 {[%clk 00:02:04]} {[%emt 00:00:34]} 33. h3 {[%clk 01:00:25]} {[%emt
00:00:15]} Bc6 {[%clk 00:01:55]} {[%emt 00:00:38]} 34. Kh2 {[%clk 01:00:18]}
{[%emt 00:00:37]} Re8 {[%clk 00:01:54]} {[%emt 00:00:31]} 35. Rc2 {[%clk
01:00:12]} {[%emt 00:00:37]} Re4 {[%clk 00:01:18]} {[%emt 00:01:06]} 36. Kg3
{[%clk 00:59:58]} {[%emt 00:00:44]} Re8 {[%clk 00:00:54]} {[%emt 00:00:53]} 37.
Rd2 {[%clk 01:00:08]} {[%emt 00:00:22]} Rc8 {[%clk 00:00:49]} {[%emt 00:00:30]}
38. Rc2 {[%clk 00:55:25]} {[%emt 00:05:16]} Be4 {[%clk 00:00:42]} {[%emt
00:00:37]} 39. Rc1 {[%clk 00:54:10]} {[%emt 00:01:45]} Bd5 {[%clk 00:00:44]}
{[%emt 00:00:27]} 40. a3 {[%clk 00:54:11]} {[%emt 00:00:32]} Bc6 {[%clk
00:00:57]} {[%emt 00:00:16]} 41. f3 {[%clk 00:50:23]} {[%emt 00:04:18]} Rb8
{[%clk 00:29:04]} {[%emt 00:02:23]} 42. Be5 {[%clk 01:20:24]} {[%emt 00:00:28]}
Rb3 {[%clk 00:28:20]} {[%emt 00:01:13]} 43. Rc3 {[%clk 01:20:46]} {[%emt
00:00:09]} Rxc3 {[%clk 00:28:02]} {[%emt 00:00:50]} 44. Bxc3 {[%clk 01:21:11]}
{[%emt 00:00:04]} f6 {[%clk 00:28:09]} {[%emt 00:00:23]} 45. Kf4 {[%clk
01:21:13]} {[%emt 00:00:28]} Kf7 {[%clk 00:27:48]} {[%emt 00:00:50]} 46. Ke3
{[%clk 01:20:23]} {[%emt 00:01:21]} Ke6 {[%clk 00:26:55]} {[%emt 00:01:22]} 47.
g4 {[%clk 01:19:46]} {[%emt 00:01:08]} Kd5 {[%clk 00:24:22]} {[%emt 00:03:03]}
48. Bb4 {[%clk 01:19:10]} {[%emt 00:01:07]} Ke5 {[%clk 00:20:13]} {[%emt
00:04:38]} 49. h4 {[%clk 01:17:20]} {[%emt 00:02:19]} Ke6 {[%clk 00:17:45]}
{[%emt 00:02:56]} 50. Kd4 {[%clk 01:16:23]} {[%emt 00:01:29]} Bxf3 {[%clk
00:17:03]} {[%emt 00:01:13]} 51. Kc4 {[%clk 01:16:21]} {[%emt 00:00:32]} Bc6
{[%clk 00:16:17]} {[%emt 00:01:15]} 52. Kd4 {[%clk 01:16:30]} {[%emt 00:00:22]}
1/2-1/2

[Event "DEM U14w 2025"]
[Site "Willingen GER"]
[Date "2025.06.08"]
[Round "2"]
[White "Fruth, Julia"]
[Black "Mader, Theresa"]
[Result "1-0"]
[Termination "normal"]
[Board "9"]
[WhiteElo "1659"]
[BlackElo "1592"]
[WhiteClock "00:57:58"]
[BlackClock "00:52:31"]
[PlyCount "45"]
[WhiteFideId "34603050"]
[BlackFideId "34605657"]
[EventCountry "GER"]
[EventRounds "9"]
[EventType "swiss"]
[EventDate "2025.06.07"]

1. e4 {[%clk 01:30:58]} {[%emt 00:00:01]} c6 {[%clk 01:30:55]} {[%emt
00:00:06]} 2. d4 {[%clk 01:31:20]} {[%emt 00:00:07]} d5 {[%clk 01:31:18]}
{[%emt 00:00:07]} 3. Nc3 {[%clk 01:31:45]} {[%emt 00:00:05]} dxe4 {[%clk
01:31:38]} {[%emt 00:00:10]} 4. Nxe4 {[%clk 01:32:08]} {[%emt 00:00:07]} Bf5
{[%clk 01:31:47]} {[%emt 00:00:21]} 5. Ng3 {[%clk 01:32:30]} {[%emt 00:00:08]}
Bg6 {[%clk 01:31:57]} {[%emt 00:00:21]} 6. h4 {[%clk 01:32:53]} {[%emt
00:00:06]} h6 {[%clk 01:32:17]} {[%emt 00:00:10]} 7. Nf3 {[%clk 01:33:08]}
{[%emt 00:00:15]} Nd7 {[%clk 01:32:31]} {[%emt 00:00:16]} 8. h5 {[%clk
01:33:27]} {[%emt 00:00:11]} Bh7 {[%clk 01:32:52]} {[%emt 00:00:10]} 9. Bd3
{[%clk 01:33:48]} {[%emt 00:00:07]} Bxd3 {[%clk 01:33:14]} {[%emt 00:00:09]}
10. Qxd3 {[%clk 01:34:09]} {[%emt 00:00:09]} e6 {[%clk 01:33:15]} {[%emt
00:00:30]} 11. Bf4 {[%clk 01:34:22]} {[%emt 00:00:16]} Qa5+ {[%clk 01:33:24]}
{[%emt 00:00:21]} 12. Bd2 {[%clk 01:34:37]} {[%emt 00:00:14]} Qc7 {[%clk
01:33:39]} {[%emt 00:00:16]} 13. O-O-O {[%clk 01:34:21]} {[%emt 00:00:47]} Bd6
{[%clk 01:33:24]} {[%emt 00:00:45]} 14. Ne4 {[%clk 01:33:24]} {[%emt 00:01:26]}
Be7 {[%clk 01:32:53]} {[%emt 00:01:01]} 15. c4 {[%clk 01:31:33]} {[%emt
00:02:22]} Ngf6 {[%clk 01:32:28]} {[%emt 00:00:55]} 16. g3 {[%clk 01:29:25]}
{[%emt 00:02:37]} Nxe4 {[%clk 01:29:27]} {[%emt 00:03:32]} 17. Qxe4 {[%clk
01:29:31]} {[%emt 00:00:23]} Nf6 {[%clk 01:28:38]} {[%emt 00:01:18]} 18. Qe2
{[%clk 01:27:52]} {[%emt 00:02:10]} O-O-O {[%clk 01:09:10]} {[%emt 00:19:59]}
19. Ne5 {[%clk 01:15:49]} {[%emt 00:12:32]} Rhf8 {[%clk 01:02:31]} {[%emt
00:07:08]} 20. Bf4 {[%clk 01:14:50]} {[%emt 00:01:29]} Qb6 {[%clk 01:01:10]}
{[%emt 00:01:53]} 21. Nxf7 {[%clk 01:14:13]} {[%emt 00:01:07]} Rde8 {[%clk
00:52:40]} {[%emt 00:09:00]} 22. Qxe6+ {[%clk 01:12:09]} {[%emt 00:02:32]} Nd7
{[%clk 00:52:31]} {[%emt 00:00:40]} 23. Rhe1 {[%clk 00:57:58]} {[%emt
00:14:42]} 1-0